000 005210000a22002170004500
003 LK-CoMWRAF
005 20231111225324.0
008 230817t ||||| |||| 00| 0 eng d
020 _a0192547011
040 _aLK-CoMWRAF
_dLK-CoMWRAF
_eLK-CoMWRAF
041 _aeng
082 _a823
_bAUS
100 _aAusten, Jane
245 _aSense and sensibility
250 _a3rd Edition
260 _aNew York :
_bOxford university press,
300 _a429p
490 _aVol.I
650 _aEnglish Fiction
942 _cBK
999 _c190
_d190